[Event "ROM-ch"]
[Site "Calimanesti Caciulata"]
[Date "2017.04.01"]
[Round "8"]
[White "Dan, Cristian"]
[Black "Anuta, Laurentiu"]
[Result "1-0"]
[WhiteElo "1950"]
[BlackElo "1968"]
[PlyCount "215"]
[EventDate "2017.03.25"]
[EventType "swiss"]
[EventRounds "9"]
[EventCountry "ROU"]
[SourceTitle "CBM 177 Extra"]
[Source "ChessBase"]
[SourceDate "2017.04.27"]
[SourceVersion "1"]
[SourceVersionDate "2017.04.27"]
[SourceQuality "1"]

1. d4 d6 2. c4 Nf6 3. Nc3 c6 4. e4 Qa5 5. Bd2 Qb6 6. Bc1 e5 7. d5 Be7 8. Be2 Nbd7 9. Nf3 Nc5 10. Nd2 Bg4 11. 0-0 h5 12. h3 Bxe2 13. Qxe2 g5 14. Rb1 a5 15. a3 a4 16. Qe3 Qa7 17. Qxg5 Nfxe4 18. Qf5 Nxc3 19. bxc3 Qa5 20. Rb4 Qc7 21. f4 Qc8 22. fxe5 Qxf5 23. Rxf5 dxe5 24. Nf3 f6 25. Be3 Rd8 26. dxc6 bxc6 27. Kh2 h4 28. Rb6 Ne4 29. Rxc6 Nd6 30. Rxd6 Rxd6 31. Bf2 Kd7 32. Nxh4 Ke6 33. Rf3 Bd8 34. Nf5 Rd2 35. Ng3 Rg8 36. Ne4 Ra2 37. Nc5+ Kf7 38. Bg3 Be7 39. Nxa4 Rxa3 40. Nb6 e4 41. Rf1 Rxc3 42. Bf4 Rc2 43. Bg3 Ke6 44. Rd1 e3 45. Nd5 Bc5 46. Re1 Rxc4 47. Nxe3 Re4 48. Ng4 Rxe1 49. Bxe1 f5 50. Nf2 Rd8 51. h4 Rd4 52. Nh3 Bd6+ 53. Kg1 Rd1 54. Kf1 Bg3 55. Ng5+ Kd5 56. Nf3 Ra1 57. Ke2 Bxe1 58. Nxe1 Ke4 59. g3 Ra2+ 60. Kf1 Ke3 61. h5 Ra1 62. h6 Kd2 63. h7 Rxe1+ 64. Kg2 Re8 65. Kf3 Rh8 66. Kf4 Rxh7 67. Kxf5 Ke3 68. g4 Rf7+ 69. Ke6 Rg7 70. Kf5 Kf3 71. g5 Rf7+ 72. Ke6 Ra7 73. g6 Ke4 74. Kf6 Ra6+ 75. Kf7 Kf5 76. g7 Ra7+ 77. Kf8 Kf6 78. g8N+ Ke6 79. Nh6 Rh7 80. Ng8 Rf7+ 81. Ke8 Rf4 82. Ne7 Ra4 83. Kd8 Rd4+ 84. Ke8 Rd7 85. Ng8 Rf7 86. Nh6 Ra7 87. Kf8 Kf6 88. Ng8+ Ke6 89. Nh6 Rh7 90. Ng8 Rf7+ 91. Ke8 Rf1 92. Ne7 Ra1 93. Kd8 Ra7 94. Nc6 Rd7+ 95. Kc8 Kd6 96. Nd4 Rc7+ 97. Kb8 Rc5 98. Kb7 Rd5 99. Nc2 Kc5 100. Kc7 Rd3 101. Kb7 Kc4 102. Ne1 Rg3 103. Nc2 Rb3+ 104. Kc6 Kd3 105. Ne1+ Ke2 106. Ng2 Kf3 107. Nh4+ Ke4 108. Ng6 1-0

[Event "ROM-ch"]
[Site "Calimanesti Caciulata"]
[Date "2017.03.28"]
[Round "4"]
[White "Dan, Cristian"]
[Black "Oprisoni, Gratian Doru"]
[Result "1-0"]
[WhiteElo "1950"]
[BlackElo "1882"]
[PlyCount "95"]
[EventDate "2017.03.25"]
[EventType "swiss"]
[EventRounds "9"]
[EventCountry "ROU"]
[SourceTitle "CBM 177 Extra"]
[Source "ChessBase"]
[SourceDate "2017.04.27"]
[SourceVersion "1"]
[SourceVersionDate "2017.04.27"]
[SourceQuality "1"]

1. d4 Nf6 2. c4 d6 3. Nf3 Nbd7 4. e4 e5 5. Nc3 c6 6. Be2 Be7 7. 0-0 0-0 8. a3 a6 9. b4 Qc7 10. dxe5 dxe5 11. c5 Rd8 12. Qc2 Nf8 13. Bb2 Bg4 14. Na4 Bxf3 15. Bxf3 Ne6 16. Nb6 Rab8 17. Rad1 Nd4 18. Qc3 Nd7 19. Nc4 f6 20. Bg4 Nf8 21. Ne3 g6 22. Qc4+ Kg7 23. Bxd4 Rxd4 24. Rxd4 exd4 25. Qxd4 Rd8 26. Qc3 h5 27. Bd1 Ne6 28. Bb3 Nd4 29. Qc4 Nxb3 30. Qxb3 Qe5 31. f3 Rd2 32. Qc4 Bd8 33. Rc1 Bc7 34. Nf1 Rd7 35. Qc3 Qe7 36. Qb3 Qd8 37. Qc4 Bf4 38. Rb1 Be5 39. g3 Rd3 40. f4 Rc3 41. Qe2 Bd4+ 42. Kh1 Rxa3 43. Rd1 Ra1 44. Rd2 f5 45. Qc4 fxe4 46. Kg2 e3 47. Nxe3 Rg1+ 48. Kf3 1-0

[Event "ROM-ch op"]
[Site "Sarata Monteoru"]
[Date "2011.02.16"]
[Round "6"]
[White "Dan, Cristian"]
[Black "Posedaru, Bogdan Stefan"]
[Result "0-1"]
[WhiteElo "1983"]
[BlackElo "2322"]
[PlyCount "102"]
[EventDate "2011.02.12"]
[EventType "swiss"]
[EventRounds "11"]
[EventCountry "ROU"]
[SourceTitle "CBM 140 Extra"]
[Source "ChessBase"]
[SourceDate "2011.03.01"]
[SourceVersion "1"]
[SourceVersionDate "2011.03.01"]
[SourceQuality "1"]

1. e4 c5 2. Nf3 Nc6 3. Bb5 d6 4. 0-0 Bd7 5. Nc3 Nf6 6. d4 cxd4 7. Nxd4 g6 8. Bxc6 Bxc6 9. Nxc6 bxc6 10. Qe2 Nd7 11. b3 Bg7 12. Bb2 0-0 13. Nd1 e5 14. Ba3 Nb6 15. Ne3 Qc7 16. Rad1 Rfd8 17. c4 Bf8 18. h4 a5 19. Rd2 a4 20. b4 Qe7 21. h5 Qh4 22. hxg6 hxg6 23. Qd3 Bh6 24. Rc1 Nd7 25. g3 Qh3 26. Rcd1 Nf6 27. Bb2 Kg7 28. Qe2 Nxe4 29. Rxd6 Nxd6 30. Bxe5+ Kg8 31. Bxd6 Qe6 32. c5 Bf8 33. Qc4 Bxd6 34. Qxe6 fxe6 35. cxd6 Rab8 36. a3 Rb5 37. Kf1 Kf7 38. Ke2 e5 39. Nc4 Ke6 40. Rd3 c5 41. Re3 cxb4 42. axb4 Rxb4 43. Rxe5+ Kf6 44. Rc5 Ra8 45. Ke3 a3 46. d7 Rd8 47. Ne5 a2 48. Rc8 a1Q 49. Rxd8 Qd4+ 50. Ke2 Rb2+ 51. Ke1 Qxf2+ 0-1